| 000 | 01104cam a22002771i 4500 | ||
|---|---|---|---|
| 003 | SA_RiAUC | ||
| 005 | 20251116132705.0 | ||
| 008 | 251113s1978____ii g 000 0 ara c | ||
| 040 |
_aSA-JeALM _bara _cSA-RiAUC _erda |
||
| 041 | 1 |
_aara _hund |
|
| 082 | 0 | 4 | _a219.1082 |
| 090 |
_a219.1082 _bا ص ل |
||
| 100 | 1 |
_aالإصلاحي، أمين أحسن، _dتوفي 1418 هجري _eمؤلف. |
|
| 245 | 1 | 0 |
_aأحكام الحجاب في القرآن / _cتأليف أمين أحسن الإصلاحي ؛ تعريب عبد الحسيب الإصلاحي. |
| 250 | _aالطبعة الثانية. | ||
| 264 | 1 |
_aسراي مير أعظم كره، الهند : _bمكتبة الإصلاح، _c1981 |
|
| 300 |
_a24 صفحة ؛ _c20 سم |
||
| 336 |
_aنص _btxt _2rdacontent _3كتاب |
||
| 337 |
_aبدون وسيط _bn _2rdamedia |
||
| 338 |
_aمجلد _bnc _2rdacarrier |
||
| 630 | 2 | 7 |
_aالقرآن _xأحكام _2aucut |
| 650 | 7 |
_aالحجاب والسفور _2aucsh |
|
| 700 | 1 |
_aالإصلاحي، عبد الحسيب _eمعرب. |
|
| 942 |
_2ddc _cBOOK _n0 |
||
| 949 |
_aSA-JeALM _d251113 _umohamedma123 _n1 |
||
| 999 |
_c13283 _d13283 |
||